000 00556nam a2200205Ia 4500
005 20250508162652.0
008 008 250505s9999 xx 000 0 eng d
020 _a0-04-370178-7
037 _aTextual
040 _aFEDL
_beng
_cFEDL
041 _aeng
_2eng
084 _a371.1, WHE
_qFEDL
100 _aWheldall Kevin Ed.
_9404420
245 0 _aBehaviourist in the classroom
260 _aLondon, UK
_bAllen and Unwin
_c1987
300 _axvii,200p
650 _aTeaching
942 _cTEXL
_h371.1, WHE
999 _c1377956
_d1377956